Chaine de mots - Rap français - Statistiques

Statistiques générales
  • Ce quiz a été pris 431 fois
  • Le résultat moyen est 8 sur 17
Statistiques - réponses
Indince Réponse % Correct
Fondateur du label 92i Booba
97%
Titre le plus stream de PNL Au DD
78%
Morceaux toujours présents au début d'un album Intros
76%
Il a mit la lumière sur sevran Kaaris
74%
La série d'album de Ninho M.I.L.S
67%
Le tonton du rap français RimK
66%
VONDÉVONDAVON SDM
61%
Il est bé-tom, il est con Koba la D
52%
Nombre de membre du groupe Suprême NTM Deux
45%
Label de la sexion Wati B
43%
Plus célèbre titre de Josman XS
43%
Le journaliste qui connaît le rap français mieux que ta playlist Mehdi Maïzi
38%
Le plus grand fan de Benzema Brulux
31%
T'as 2 bras 2 jambes, va braquer nique ta mère Sadek
30%
Groupe de rap fondée en 2001 par Mekra, 2zer ou encore Framal S-Crew
22%
Célèbre label dont ont fait parti Kaaris, Lacrim ou encore SCH Def Jam
11%
Tu connais ? Je me lève et je fait ? XVBarbar
4%
Aucun quiz correspondant
Distribution des résultats
% des personnes avec chaque résultat
Percentile par nombre de réponses
Votre historique - résultats
Vous n’avez pas pris ce quiz